Statistics for Countries bordering the Pacific Ocean

Click here to take the quiz!

General Stats

  • This quiz has been taken 35 times
  • The average score is 40 of 41

Answers on the Map

Answers color-coded by a green-red scale on the quiz's map according to % correct below.
 

Answer Stats

Answer% Correct
Australia
100%
Cambodia
100%
China
100%
Ecuador
100%
El Salvador
100%
Guatemala
100%
Honduras
100%
Indonesia
100%
Japan
100%
Kiribati
100%
Malaysia
100%
Mexico
100%
Micronesia
100%
Nauru
100%
New Zealand
100%
Nicaragua
100%
North Korea
100%
Papua New Guinea
100%
Peru
100%
Philippines
100%
Samoa
100%
Solomon Islands
100%
South Korea
100%
Tonga
100%
Vietnam
100%
Chile
97%
Colombia
97%
Costa Rica
97%
Fiji
97%
Marshall Islands
97%
Palau
97%
Panama
97%
Russia
97%
Singapore
97%
Taiwan
97%
Thailand
97%
Tuvalu
97%
United States
97%
Vanuatu
97%
Canada
90%
Brunei
86%

Score Distribution

Percentile by Number Answered

Percent of People with Each Score

Your Score History

You have not taken this quiz